<?xml version="1.0" encoding="UTF-8"?><?xml-stylesheet type="text/xsl" href="static/style.xsl"?><OAI-PMH xmlns="http://www.openarchives.org/OAI/2.0/" xmlns:xsi="http://www.w3.org/2001/XMLSchema-instance" xsi:schemaLocation="http://www.openarchives.org/OAI/2.0/ http://www.openarchives.org/OAI/2.0/OAI-PMH.xsd"><responseDate>2026-04-13T02:46:54Z</responseDate><request verb="GetRecord" identifier="oai:www.recercat.cat:2072/242748" metadataPrefix="marc">https://recercat.cat/oai/request</request><GetRecord><record><header><identifier>oai:recercat.cat:2072/242748</identifier><datestamp>2024-12-13T10:41:39Z</datestamp><setSpec>com_2072_96855</setSpec><setSpec>com_2072_96852</setSpec><setSpec>com_2072_2015</setSpec><setSpec>col_2072_228885</setSpec></header><metadata><record xmlns="http://www.loc.gov/MARC21/slim" xmlns:dcterms="http://purl.org/dc/terms/" xmlns:xsi="http://www.w3.org/2001/XMLSchema-instance" xmlns:doc="http://www.lyncode.com/xoai" xsi:schemaLocation="http://www.loc.gov/MARC21/slim http://www.loc.gov/standards/marcxml/schema/MARC21slim.xsd">
   <leader>00925njm 22002777a 4500</leader>
   <datafield ind2=" " ind1=" " tag="042">
      <subfield code="a">dc</subfield>
   </datafield>
   <datafield ind2=" " ind1=" " tag="720">
      <subfield code="a">Carrión García, Maria de los Ángeles</subfield>
      <subfield code="e">author</subfield>
   </datafield>
   <datafield ind2=" " ind1=" " tag="520">
      <subfield code="a">Peer-reviewed</subfield>
   </datafield>
   <datafield ind2=" " ind1=" " tag="520">
      <subfield code="a">En pleno siglo XXI una de las asignaturas pendientes que tienen los diferentes gobiernos, empresarios, sindicatos, investigadores y organismos responsables, es asegurar que la fuerza trabajadora pueda realizar sus funciones en un ambiente de trabajo saludable, equitativo, justo y solidario, que permita la adquisición y consolidación de nuevos conocimientos, el mantenimiento de buenas relaciones interpersonales que fomenten el trabajo en equipo logrando así un entorno laboral donde sea posible escoger opciones de comportamiento saludables.</subfield>
   </datafield>
   <datafield ind2=" " ind1=" " tag="520">
      <subfield code="a">In the 21st century, an unfinished business of the governments, businessmen, unions, investigators and responsible organisms, is to make sure that the working class can work in a healthy, equal, fair and supportive environment, which allows the adquisition of new knowledge and the maintenance of good interpersonal relationships which encourage the teamwork.</subfield>
   </datafield>
   <datafield ind2=" " ind1=" " tag="520">
      <subfield code="a">En ple segle XXI una de les assignatures pendents que tenen els diferents governs, empresaris, sindicats, investigadors i organismes responsables, és assegurar que la força treballadora pot dur a terme les seves funcions en un ambient de treball saludable, equitatiu, just i solidari, que permet l'adquisició i consolidació de nous coneixements, el manteniment de bones relacions interpersonals que fomenten el treball en equip, aconseguint així un entorn laboral on sigui possible escollir opcions de comportament saludables.</subfield>
   </datafield>
   <datafield ind1="8" ind2=" " tag="024">
      <subfield code="a">http://hdl.handle.net/10609/38921</subfield>
   </datafield>
   <datafield tag="653" ind2=" " ind1=" ">
      <subfield code="a">Organizaciones saludable</subfield>
   </datafield>
   <datafield tag="653" ind2=" " ind1=" ">
      <subfield code="a">Factores psicosociales</subfield>
   </datafield>
   <datafield ind2="0" ind1="0" tag="245">
      <subfield code="a">Gestión para una empresa saludable: ganamos todos</subfield>
   </datafield>
</record></metadata></record></GetRecord></OAI-PMH>